Every country name in their official language(s) - Statistics

General Stats
  • This quiz has been taken 15 times
  • The average score is 159 of 289
Answer Stats
Country Language Answer % Correct
Andorra Catalan Andorra
100%
Argentina NONE (Spanish) Argentina
100%
Australia NONE (English) Australia
100%
Mexico NONE (Spanish) Mexico
100%
Antigua andBarbuda English Antigua andBarbuda
91%
Belize English Belize
91%
Bolivia Spanish Bolivia
91%
Bolivia Guaraní Bolivia
91%
Bolivia Quechua Bolivia
91%
Bolivia Aymara Bolivia markanxa
91%
Brazil Portuguese Brasil
91%
Canada English Canada
91%
Canada French Canada
91%
Chile Spanish Chile
91%
Ecuador Spanish Ecuador
91%
Spain Spanish España
91%
France French France
91%
Guyana English Guyana
91%
Haiti French Haïti
91%
Jamaica English Jamaica
91%
New Zealand English New Zealand
91%
Austria German Österreich
91%
Paraguay Spanish Paraguay
91%
Peru Spanish Perú
91%
Suriname Dutch Suriname
91%
(the) Bahamas English the Bahamas
91%
United Kingdom NONE (English) United Kingdom
91%
Uruguay NONE (Spanish) Uruguay
91%
Angola Portuguese Angola
82%
Belgium Dutch Belgiē
82%
Benin French Bénin
82%
Burkina Faso French Burkina Faso
82%
Burundi English Burundi
82%
Burundi French Burundi
82%
Cape Verde Portuguese Cabo Verde
82%
Cameroon English Cameroon
82%
Colombia Spanish Colombia
82%
Comoros French Comoros
82%
Cuba Spanish Cuba
82%
Djibouti French Djibouti
82%
El Salvador Spanish El Salvador
82%
Gabon French Gabon
82%
Guatemala Spanish Guatemala
82%
Honduras Spanish Honduras
82%
Ireland English Ireland
82%
Italy Italian Italia
82%
Luxembourg French Luxembourg
82%
Luxembourg German Luxemburg
82%
Malta English Malta
82%
Malta Maltese Malta
82%
Mauritius English Mauritius
82%
Egypt Arabic Misr
82%
Monaco French Monaco
82%
Namibia English Namibia
82%
Nauru English Nauru
82%
Netherlands Dutch Nederland
82%
Nicaragua Spanish Nicaragua
82%
Japan NONE (Japanese) Nippon
82%
Norway Norwegian Norge
82%
Pakistan English Pakistan
82%
Pakistan Urdu Pākistān
82%
Palau English Palau
82%
Panama Spanish Panama
82%
Papua New Guinea English Papua New Guinea
82%
Poland Polish Polska
82%
Portugal Portuguese Portugal
82%
Russia Russian Rossiya
82%
Rwanda English Rwanda
82%
Rwanda Kinyarinanda Rwanda
82%
Rwanda Swahili Rwanda
82%
Saint Kittsand Nevis English Saint Kittsand Nevis
82%
Saint Lucia English Saint Lucia
82%
Samoa English Samoa
82%
Samoa Samoan Sāmoa
82%
San Marino Italian San Marino
82%
Seychelles English Seychelles
82%
Seychelles French Seychelles
82%
Sierra Leone English Sierra Leone
82%
Singapore English Singapore
82%
Finland Finnish Suomi
82%
Sweden Swedish Sverige
82%
Tanzania English Tanzania
82%
Tanzania Swahili Tanzania
82%
Tonga English Tonga
82%
Trinidad and Tobago English Trinidadand Tobago
82%
Uganda English Uganda
82%
Uganda Swahili Uganda
82%
United States NONE (English) United States
82%
Vanuatu Bislama Vanuatu
82%
Vanuatu English Vanuatu
82%
Vanuatu French Vanuatu
82%
Zimbabwe English Zimbabwe
82%
Zimbabwe Nothern Ndebele Zimbabwe
82%
Zimbabwe Shona Zimbabwe
82%
Zimbabwe Tswana Zimbabwe
82%
Barbados English Barbados
73%
India Hindi Bhārat
73%
Botswana English Botswana
73%
Bulgaria Bulgarian Bulgariya
73%
Congo(Brazzaville) French Congo(Brazzaville)
73%
Costa Rica Spanish Costa Rica
73%
Denmark Danish Danmark
73%
Dominica English Dominica
73%
Ireland Irish Éire
73%
eSwatini English eSwatini
73%
eSwatini Swazi eSwatini
73%
Fiji English Fiji
73%
Fiji Fiji Hindi Fijī
73%
Ghana English Ghana
73%
Grenada English Grenada
73%
India English India
73%
Iceland Icelandic Island
73%
Kazakhstan Russian Kazakhstan
73%
Kenya English Kenya
73%
Kenya Swahili Kenya
73%
Kosovo Albanese Kosovo
73%
Kosovo Serbian(Serbo-Croatian) Kosovo
73%
Liechtenstein German Liechtenstein
73%
Madagascar French Madagascar
73%
Niger French Niger
73%
Nigeria English Nigeria
73%
Saint Vincent and the Grenadines English Saint Vincent andthe Grenadines
73%
Solomon Islands English Solomon islands
73%
South Africa English South Africa
73%
South Sudan English South Sudan
73%
Chad French Tchad
73%
(the) Gambia English the Gambia
73%
East Timor Portuguese Timor-Leste
73%
Tuvalu English Tuvalu
73%
Tuvalu Tuvaluan Tuvalu
73%
Vietnam Vietnamese Viêt Nam
73%
Zambia English Zambia
73%
Belgium German Belgien
64%
Brunei Malay Brunei
64%
Ivory Coast French Côte d'Ivoire
64%
Montenegro Montenegrin Crna Gora
64%
Finland Swedish Finland
64%
Armenia Armenian Hayastan
64%
Croatia Croatian (Serbo-Croatian) Hrvatska
64%
Cambodia Khmer Kampuchea
64%
Kiribati English Kiribati
64%
Kiribati Gilbertese Kiribati
64%
Cyprus Greek Kýpros
64%
Lesotho English Lesotho
64%
Sotho Sotho Lesotho
64%
Liberia English Liberia
64%
Mali Soninke Maali
64%
Malawi Chichewa Malawi
64%
Malawi English Malawi
64%
Malaysia Malay Malaysia
64%
Mali Bambara Mali
64%
Marshall Islands English Marshall Islands
64%
Micronesia English Micronesia
64%
Philippines English Philippines
64%
DominicanRepublic Spanish RepúblicaDominicana
64%
Senegal French Sénégal
64%
Sri Lanka Sinhala Srī Lankā
64%
Sudan English Sudan
64%
Switzerland French Suisse
64%
Taiwan NONE (Chinese) Taí wān
64%
Tunisia Arabic Tunis
64%
Belarus Russian Belarus'
55%
Cameroon French Cameroun
55%
Estonia Estonian Eesti
55%
Greece Greek Elláda
55%
Guinea French Guinée
55%
Indonesia Indonesian Indonesia
55%
Iraq Kurdish Îraq
55%
Latvia Latvian Latvija
55%
Mozambique Portuguese Moçambique
55%
Norway Sami Nöörje
55%
Romania Romanian România
55%
Rwanda French Ruanda
55%
São Tomé and Príncipe Portuguese São Toméy Principe
55%
Switzerland German Schweiz
55%
Albania Albanian Shqipëria
55%
Somalia Somalia Soomaaliya
55%
Serbia Serbian(Serbo-Croatian) Srbija
55%
Turkmenistan Turkmen Türkmenistan
55%
Afghanistan Dari (Persian) Afgānistān
45%
Afghanistan Pashto Afgānistān
45%
Haiti Haitian Creole Ayiti
45%
Belgium French Belgique
45%
Czechia Czech Česko
45%
Czechia Slovak Česko
45%
Equatorial Guinea Spanish Guinea Ecuatorial
45%
Luxembourg Luxembourgish Lëtzebuerg
45%
Hungary Hungarian Magyarország
45%
Moldova Romanian Moldova
45%
Kazakhstan Kazakh Qazaqstan
45%
Slovenia Slovenian Slovenija
45%
Slovakia Slovak Slovensko
45%
New Zealand Maori Aotearoa
36%
Palau Palauan Belau
36%
Maldives Dhivehi Dhivehi Raajje
36%
Qatar Arabic (Dwalat) Qatar
36%
Kyrgyzstan Kyrgyz Kırgızstan
36%
Comoros Comorian Komori
36%
Lithuania Lithuanian Lietuva
36%
Mongolia Mongolian Mongol uls
36%
Uzbekistan Uzbek O'zbekiston
36%
Seychelles SeychelloisCreole Sesel
36%
North Macedonia Macedonian SevernaMakedonija
36%
Switzerland Italian Svizzera
36%
Fiji Fijian Viti
36%
Algeria Arabic Aljazayr
27%
Azerbaijan Azerbaijani Azerbaycan
27%
Vatican City Italian Città del Vaticano
27%
Bhutan Dzongkha Druk Yul
27%
Philippines Filippino Filipinas
27%
Guinea-Bissau Portuguese Guiné-Bissau
27%
Equatorial Guinea French Guinée Équatoriale
27%
Mauritius Mauritian Creole Moris
27%
Nauru Nauruan Naoero
27%
Paraguay Guaraní Paraguái
27%
Central AfricanRepublic French RépubliqueCentrafricaine
27%
Georgia Georgian Sakartvelo
27%
Singapore Malay Singapura
27%
Oman Arabic (Sultanat) Euman
27%
Chad Arabic Tshad
27%
South Africa Northern Sotho Afrika Borwa
18%
South Africa Tsonga Afrika-Dzonga
18%
South Africa Venda Afurika Tshipembe
18%
Bahrain Arabic Albahrayn
18%
Iraq Arabic Al'raq
18%
Bangladesh Bengali Bānlādēśa
18%
Bosnia andHerzegovina NONE (Bosnian) Bosna i Hercegovina
18%
Bosnia andHerzegovina NONE (Croatian) Bosna iHercegovina
18%
Bosnia andHerzegovina NONE (Serbian) Bosna iHercegovina
18%
Vatican City Latin Civitas Vaticana
18%
Equatorial Guinea Portuguese Guiné Equatorial
18%
Djibouti Arabic Jibuti
18%
Cyprus Turkish Kıbrıs
18%
Central AfricanRepublic Sango Ködörösêsetî Bêafrîka
18%
Libya Arabic Libia
18%
Lebanon Arabic Lubnan
18%
Madagascar Malagasy Madagasikara
18%
Nepal Nepali Nēpāla
18%
Papua New Guinea Hiri Motu Papua Niu Gini
18%
Papua New Guinea Tok Pisin Papua Niugini
18%
Switzerland Romansh Svizra
18%
Ukraine Ukrainian Ukrayina
18%
Singapore Mandarin Chinese Xīn jiā pō
18%
Marshall Islands Marshallese Aelōn in Majeļ
9%
South Africa Tswana Aferika Borwa
9%
South Africa Southern Sotho Afrika Boroa
9%
United ArabEmirates Arabic Al'iimarat Aearbiat
Almutahida
9%
Kuwait Standard Arabic Alkuayt
9%
Saudi Arabia Arabic AlmamlakatAlsueudia
9%
Sudan Arabic Alsuwdan
9%
Somalia Arabic Alsuwmal
9%
Jordan Arabic Al'urdunu
9%
Yemen Arabic Alyaman
9%
Belarus Belarusian Bielaruś
9%
(North) Korea Korean Bughan
9%
Singapore Tamil Cinkappūr
9%
Congo (Kinshasa) French Congo (Kinshasa)
9%
(South) Korea Korean Deahanmingug
9%
Algeria Berber Dzair
9%
Eritrea Tigrinya Ertra
9%
Tonga Tongan Faka-Tonga
9%
Palestine Arabic Filastin
9%
Sri Lanka Tamil Ilankei
9%
South Africa Zulu Iningizimu Afrika
9%
Ethiopia Amharic Ītiyop'iya
9%
Ethiopia Afar Itiyoppiya
9%
Ethiopi Somali Itoobiya
9%
Ethiopia Oromo Itoophiyaa
9%
Comoros Arabic Juzur al-Qamr
9%
Kyrgyzstan Russian Kirgiziâ
9%
Laos Lao Laaw
9%
North Macedonia Albanian Macedonia e Veriut
9%
Morocco Arabic Maroko
9%
Morocco Berber Merruk
9%
Mauritania Arabic Muritania
9%
Myanmar Burmese Myanmarpyi
9%
South Africa Xhosa Mzantsi Afrika
9%
South Africa Swazi Ningizimu Afrika
9%
Thailand Central Thai Prathesthiy
9%
South Africa Southern Ndebele Sewula Afrika
9%
South Africa Afrikaans Suid-Africa
9%
Syria Arabic Suria
9%
Tajikistan Tajik Todschikiston
9%
Turkey Turkish Türikiye
9%
Iran Persian Yran
9%
Israel Hebrew Yşr'l
9%
China MandarinChinese Zhōgguó
9%
Zimbabwe Venda Zimbagwe
9%
Ethiopia Tigrinya Iteyopeyā
0%
No matching quizzes found
Score Distribution
Percent of People with Each Score
Percentile by Number Answered
Your Score History
You have not taken this quiz